'Country' Hits - Statistics

General Stats
  • This quiz has been taken 25 times
  • The average score is 6 of 10
Answer Stats
Hint Answer % Correct
David Bowie - 1983 China Girl
81%
Alphaville - 1984 Big In Japan
69%
Julie Covington - 1976 Don't Cry For Me Argentina
69%
Typically Tropical - 1975 Barbados
63%
Kim Wilde - 1982 Cambodia
63%
Bonnie Tyler - 1976 Lost In France
63%
The Gibson Brothers - 1979 Cuba
56%
Matt Monro - 1963 From Russia With Love
50%
Human League - 1984 The Lebanon
38%
Miley Cyrus- 2009 Party In The USA
31%
No matching quizzes found
Score Distribution
Percent of People with Each Score
Percentile by Number Answered
Your Score History
You have not taken this quiz